|
|
|
|
| LEADER |
01085nab#a2200301#ar4500 |
| 001 |
000063521 |
| 003 |
SVKKK |
| 005 |
19970314xxxxxxx. |
| 008 |
06 c xo huno |
| FMT |
|
|
|
| 038 |
|
|
|a SVKKK
|
| 040 |
|
|
|a SVKKK
|b slo
|e AACR2
|
| 041 |
0 |
|
|a hun
|
| 044 |
|
|
|a xo
|c SK
|
| 080 |
|
|
|a 328
|
| 242 |
1 |
0 |
|a Noví kandidáti na poslancov
|
| 245 |
0 |
0 |
|a Uj képviselőjelöltek
|
| 520 |
2 |
|
|a Kandidát na parlamentného poslanca za obvod Michalovce Alex (Elek) Ferenczy, statkár z Podhoran by mal vystriedať vo funkcii poslanca Bartolomeja Czibura. V Sátoraljaujhely namiesto Barna Buzu kandiduje knieža Lajos Windisch-Grätz.
|
| 650 |
0 |
4 |
|a poslanci parlamentní - kandidáti menovaní - Michalovce (obvod volebný) - Ferenczy, Alex (statkár) - Podpohorany (TV) - pôsobenie - správy
|
| 773 |
0 |
|
|t Felvidéki Hirlap : Közgazdasági, társadalmi és szépirodalmi hetilap
|g Roč. 3, č. 8 (20.02.1910) s. 2
|
| 957 |
|
|
|a Michalovce
|
| 957 |
|
|
|a Podhorany
|
| 958 |
|
|
|a DG
|
| 958 |
|
|
|a SK
|
| 974 |
|
|
|a Ba
|d 19970314
|
| 992 |
|
|
|a RBX
|
| BAS |
|
|
|
| 998 |
|
|
|a RETRO
|